Le bon prénom 4 (click quiz) - Statistiques

Statistiques générales
  • Ce quiz a été pris 45 fois
  • Le résultat moyen est 6 sur 8
Statistiques - réponses
Hint Réponse % Correct
Garros Groland
90%
Gainsbourg Verge
88%
Cézanne Poule
83%
Duris Roumain
76%
Corneille Bière
71%
Vadim Rager
52%
Polanski Bioman
45%
Wright Bobine
43%
Aucun quiz correspondant
Distribution des résultats
% des personnes avec chaque résultat
Percentile par nombre de réponses
Votre historique - résultats
Vous n’avez pas pris ce quiz